Alfonso de Olivares, 18981936 (Record no. 10672)

MARC details
000 - LÍDER
campo de control de longitud fija 01224nam a2200265Ia 4500
008 - ELEMENTOS DE DATOS DE LONGITUD FIJA - INFORMACIÓN GENERAL
campo de control de longitud fija 0000001998 sp ad 0000000000spa00
090 ## - NÚMERO DE LLAMADA DE TIPO LC LOCALMENTE ASIGNADO (OCLC)
Número de clasificación (OCLC) (R) PSP00 A43a
100 1# - ENTRADA PRINCIPAL - NOMBRE PERSONAL
Nombre de la persona AliX, Josefina
245 10 - TÍTULO DECLARACIÓN
Título Alfonso de Olivares, 18981936
Declaración de responsabilidad / texto Josefina Alix
Resto del título : fotografías Joaquin Cortés
260 ## - PUBLICACIÓN, DISTRIBUCIÓN
Lugar de publicación Madrid : Guillermo de Osma Galería
Fecha de publicación 1998
300 ## - DESCRIPCIÓN FÍSICA
Alcance 73 p.
Dimensiones / 27 cm.
500 ## - NOTA GENERAL
Nota general Registro auspiciado por la FGAA. Bogotá
501 ## - Con nota
Con nota El vanguardismo en la pintura / Alfonso de Olivares Una vida entre paréntesis / Josefina AiX
505 ## - NOTA DE CONTENIDO FORMATEADA
Nota sobre el contenido formateado OBRAS : Paris Toro Caras Composición Bodegón Composición abstracta Arboles Vista de Almodovar del Río Payaso Trapecista Circo Figura con instrumento musical Composición geométrica Arbol de navidad
600 00 - ENTRADA DE SUJETO AÑADIDO - NOMBRE PERSONAL
Nombre de la persona OLIVARES, ALFONSO DE, 18981936/
Subdivisión general TRABAJOS PICTORICOS
650 14 - ENTRADA DE SUJETO AÑADIDO - TÉRMINO TÓPICO
Término tópico o elemento de entrada del nombre geográfico ARTE MODERNO ESPAÑOL
650 14 - ENTRADA DE SUJETO AÑADIDO - TÉRMINO TÓPICO
Término tópico o elemento de entrada del nombre geográfico ARTISTAS PLASTICOS ESPAÑOLES
650 14 - ENTRADA DE SUJETO AÑADIDO - TÉRMINO TÓPICO
Subdivisión general CATALOGOS
650 14 - ENTRADA DE SUJETO AÑADIDO - TÉRMINO TÓPICO
Término tópico o elemento de entrada del nombre geográfico ENSAYOS, CONFERENCIAS, ETC
650 14 - ENTRADA DE SUJETO AÑADIDO - TÉRMINO TÓPICO
Término tópico o elemento de entrada del nombre geográfico PINTORES ESPAÑOLES
650 14 - ENTRADA DE SUJETO AÑADIDO - TÉRMINO TÓPICO
Término tópico o elemento de entrada del nombre geográfico PINTURA AL OLEO
650 14 - ENTRADA DE SUJETO AÑADIDO - TÉRMINO TÓPICO
Término tópico o elemento de entrada del nombre geográfico PINTURA MODERNA ESPAÑOLA
650 14 - ENTRADA DE SUJETO AÑADIDO - TÉRMINO TÓPICO
Término tópico o elemento de entrada del nombre geográfico VANGUARDIA (ARTE) ESPAÑA
700 1# - ENTRADA AGREGADA - NOMBRE PERSONAL
Nombre de la persona Cortés, Joaquín \ Olivares, Alfonso de, 18981936.
Holdings
Estado de retirada Pérdida de estatus Estado dañado No para préstamo Código de recogida Ubicación permanente Ubicación actual Ubicación de las estanterías Fecha de adquisición Número de llamada completo Código de barras Fecha de la última vez que se vio Número de copia Precio efectivo desde Tipo de artículo Koha
        General ArtNexus ArtNexus General 06/09/2022 P-SP-00 A43A 10771 06/09/2022 Ej.1 06/09/2022 Libro

Powered by Koha